000 00198 a2200097 4500
001 8255
100 _aKing, A
245 _aMine enemy grows older
260 _a
_bHeinemann
_c
090 _c6638
_d6638
942 _aNUST-CAE
_cM
_c33198
999 _c243328
_d243328